French Cities A-Z - Statistics

General Stats
  • This quiz has been taken 2,948 times
    1,477 since last reset
  • The average score is 14 of 24
Answer Stats
Clue City % Correct
P Capital city Paris
98%
C Famous film festival Cannes
96%
B City on the Atlantic, famous for its wine Bordeaux
93%
M Biggest French Mediterranean city Marseille
93%
D Where the British evacuated France during WWII Dunkirk
87%
L Capital of French cuisine Lyon
87%
V "The Sun King's" residence Versailles
86%
S One of Europe's capitals Strasbourg
78%
T Airbus headquarters Toulouse
76%
N Promenade des Anglais Nice
75%
Y Village with the shortest name Y
75%
O Namesake for the "Big Easy" Orléans
74%
E Spa town famous for its mineral water Evian
70%
A Napoleon's birthplace Ajaccio
68%
G 1968 Winter Olympics host Grenoble
67%
R Crowning place of many French Kings Reims
57%
Q City in Brittany Quimper
47%
F Capital of Martinique Fort-de-France
35%
H Resort town on the Riviera Hyères
17%
K Where Ariane rockets are launched Kourou
15%
I Populous suburb of Paris Issy-Les-Moulineaux
10%
J Birthplace of former President Mitterrand Jarnac
8%
W Near the Belgian border Wattrelos
5%
U First Duchy of France Uzès
4%
No matching quizzes found
Score Distribution
Percent of People with Each Score
Percentile by Number Answered
Your Score History
You have not taken this quiz since the last reset